The world of the cell / (Record no. 75667)
[ view plain ]
| 000 -LEADER | |
|---|---|
| fixed length control field | 00942nam a22002657a 4500 |
| 005 - DATE AND TIME OF LATEST TRANSACTION | |
| control field | 20130522153143.0 |
| 008 - FIXED-LENGTH DATA ELEMENTS--GENERAL INFORMATION | |
| fixed length control field | 091110t xxu||||| |||| 00| 0 eng d |
| 010 ## - LCCN (DPL NO) | |
| LC control number | B-515138-139 |
| 020 ## - INTERNATIONAL STANDARD BOOK NUMBER | |
| International Standard Book Number | 9788131715567 |
| Terms of availability | 2299.00 |
| 035 ## - SYSTEM CONTROL NUMBER | |
| System control number | B-515138-139 |
| 037 ## - SOURCE OF ACQUISITION | |
| Stock number | KKP/Ven |
| 040 ## - CATALOGING SOURCE | |
| Original cataloging agency | dpl |
| Language of cataloging | eng |
| 082 ## - DEWEY DECIMAL CLASSIFICATION NUMBER | |
| Classification number | 571.6 |
| 100 ## - MAIN ENTRY--PERSONAL NAME | |
| Personal name | Becker,Wayne M. |
| 245 ## - TITLE STATEMENT | |
| Title | The world of the cell / |
| Statement of responsibility, etc | by Wayne M. Becker, Lewis J. Kleinsmith, Jeff Hardin |
| 246 ## - VARYING FORM OF TITLE | |
| Title proper/short title | The world of the cell |
| 250 ## - EDITION STATEMENT | |
| Edition statement | 6th ed. |
| 260 ## - PUBLICATION, DISTRIBUTION, ETC. (IMPRINT) | |
| Place of publication, distribution, etc | New Delhi |
| Name of publisher, distributor, etc | Pearson Education |
| Date of publication, distribution, etc | 2011 |
| 270 ## - ADDRESS | |
| Address | 14 Local shopping Centre PanchsheelPark |
| City | New Delhi |
| Postal code | 110017 |
| 300 ## - PHYSICAL DESCRIPTION | |
| Extent | various pg |
| Other physical details | 27cm |
| 700 ## - ADDED ENTRY--PERSONAL NAME | |
| Dates associated with a name | Kleinsmith,Lewis J. |
| 700 ## - ADDED ENTRY--PERSONAL NAME | |
| Dates associated with a name | Hardin, Jeff |
| 942 ## - ADDED ENTRY ELEMENTS (KOHA) | |
| Source of classification or shelving scheme | Dewey Decimal Classification |
| Item type | English Books |
| Call number suffix | BEC |
| Classification part | 571.6 |
| Withdrawn status | Lost status | Source of classification or shelving scheme | Damaged status | Not for loan | Collection code | Home library | Current library | Date acquired | Source of acquisition | Cost, normal purchase price | Total Checkouts | Total Renewals | Full call number | Barcode | Date last seen | Copy number | Cost, replacement price | Koha item type |
|---|---|---|---|---|---|---|---|---|---|---|---|---|---|---|---|---|---|---|
| Dewey Decimal Classification | Non-fiction | Sarojini Nagar | Sarojini Nagar | 22/05/2013 | KKP/BL3031/23.3.13/172/23.3.13/25.3.13 | 2299.00 | 11 | 12 | 571.6 BEC | B-515138 | 23/11/2024 | 1 | 2299.00 | English Books | ||||
| Dewey Decimal Classification | Not For Loan | Reference | South Zone Lib (REF) | South Zone Lib (REF) | 22/05/2013 | KKP/BL3031/23.3.13/172/23.3.13/25.3.13 | 2299.00 | 571.6 BEC | B-515139 | 22/05/2013 | 1 | 2299.00 | English Books |
